00746nam a2200193Ia 4500001000900000003000500009005001700014008004100031010001100072040000900083082001600092110009200108245015300200260006800353300001100421650003100432650003700463650005200500dia_2042CHAP20221010120427.0220117sS.A. xx 000 0 und d a172580 cCHAP a634.972 M48 aMéxico.Secretaría de Agricultura y Ganadería. Comisión Nacional de Fruticultura aPlan Nacional de Desarrollo Fruticola 1971-1976 /c por la Comisión Nacional de Fruticultura. Secretaría de Agricultura y Ganadería. México aMéxico :b Secretaría de Agricultura y Ganadería.,cS.A. a520 p. a1.FruticulturaxMéxico/  aDesarrollo agrícolaxMéxico. aFruticulturaxaspectos económicosxMéxico/